000
00270nam a22001217a 4500
008
170620b xxu||||| |||| 00| 0 eng d
041
_a
eng
080
_2
7 ED
_a
321
100
_a
20
101
_a
SHP
245
_a
PUBLIC POLICUMAKING
_c
ANDERSOM .J.E
942
_2
udc
_c
BK
999
_c
18344
_d
18344